| 000 | 00600nam a2200229 a 4500 | ||
|---|---|---|---|
| 001 | BRCA_6570 | ||
| 005 | 20190320205516.0 | ||
| 008 | 300911s1910----u--ab#####---#000-0#eng-# | ||
| 041 | _aeng | ||
| 044 | _au | ||
| 050 | 4 |
_aQB8 _b.E7 A53 _c1910 |
|
| 245 | 1 | 0 | _aThe American ephemeris and almanac for the year 1911. |
| 250 | _a2 | ||
| 260 |
_aWashington _bBureau of Navegation _c1910 |
||
| 300 |
_aviii, 595 p. _bil., mapas _c27 cm. |
||
| 500 | _aL112 | ||
| 650 | 1 | 4 |
_aAlmanaques náuticos _916388 |
| 650 | 1 | 4 |
_aEfemérides _916389 |
| 650 | 1 | 4 |
_aNavegación _915772 |
| 902 | _aGFM | ||
| 942 |
_2lcc _cB |
||
| 999 |
_c6254 _d6254 |
||